|
|
|
|
| LEADER |
00000naa a2200000uu 4500 |
| 001 |
vtls011051146 |
| 003 |
SK-MaSNL |
| 005 |
20260302144145.0 |
| 008 |
210904|1999 xo |||||||||||||||||eng| |
| 015 |
|
|
|a SNBRA
|
| 035 |
|
|
|a (urnnbn)urn:nbn:sk:snk:ar-a0buj2
|
| 035 |
|
|
|a (uuid)bba790e4-c0f1-4103-9782-b9ca812188bf
|
| 035 |
|
|
|a urn:nbn:sk:snk-aav1kg
|
| 040 |
|
|
|a SNKBUCL
|b slo
|c SNKBUCL
|e AACR2
|
| 041 |
0 |
|
|a eng
|
| 044 |
|
|
|a xo
|c SK
|
| 100 |
1 |
|
|a Zvolenský, Peter,
|d 1953-
|4 aut
|9 122620
|
| 245 |
1 |
0 |
|a INVESTIGATION OF SELECTED PARAMETERS OF TRANSPORT MEANS IN OPERATION
|c P. Zvolenský, J. Grenčík
|
| 700 |
1 |
|
|a Grenčík, J.
|4 aut
|9 470395
|
| 773 |
0 |
|
|t 4th Scientific conference of Faculty of mechanical engineering
|d Žilina : University of Žilina, 1999, 1999
|g S. 76-78
|z 8071006947
|
| 958 |
|
|
|a OND
|
| 958 |
|
|
|a article12
|
| 958 |
|
|
|a chapter
|
| 999 |
|
|
|c 1347721
|d 1349651
|